[Event "Clemson op"]
[Site "Clemson"]
[Date "1978.09.??"]
[Round "?"]
[White "Smith, Arthur L"]
[Black "McCormick, Edward"]
[Result "1/2-1/2"]
[WhiteElo "2208"]
[BlackElo "2280"]
[PlyCount "83"]
[EventDate "1978.09.25"]
[EventType "swiss"]
[EventRounds "5"]
[EventCountry "USA"]
[SourceTitle "EXT 2024"]
[Source "ChessBase"]
[SourceDate "2023.10.10"]
[SourceVersion "1"]
[SourceVersionDate "2023.10.10"]
[SourceQuality "1"]

1. e4 d5 2. exd5 Nf6 3. d4 Nxd5 4. c4 Nb6 5. Nf3 Bg4 6. Be2 e6 7. 0-0 c5 8. Be3 cxd4 9. Nxd4 Bxe2 10. Qxe2 Be7 11. Rd1 Qc8 12. Nd2 Nc6 13. Rac1 0-0 14. N2f3 Bf6 15. Nb5 Nd7 16. Bf4 e5 17. Bg5 a6 18. Nd6 Qc7 19. Bxf6 Nxf6 20. Nxe5 Nxe5 21. Qxe5 Rae8 22. Qg5 Re2 23. Nf5 Ne8 24. Re1 f6 25. Qg4 Re5 26. h3 g6 27. Ne3 Nd6 28. Nd5 Qf7 29. Qd4 Rfe8 30. Rxe5 fxe5 31. Qh4 Kg7 32. b3 e4 33. Re1 b5 34. Ne3 bxc4 35. Nxc4 Nxc4 36. bxc4 Qxc4 37. Qf4 Qxa2 38. Rc1 Qf7 39. Qd6 Re6 40. Qd4+ Kh6 41. Qe3+ Kg7 42. Qd4+ 1/2-1/2